Effects of Nanoconfinement on Catalysis (Запис № 447050)

МАРК-запис
000 -LEADER
fixed length control field 03727nam a22005895i 4500
001 - CONTROL NUMBER
control field 978-3-319-50207-6
003 - CONTROL NUMBER IDENTIFIER
control field DE-He213
005 - DATE AND TIME OF LATEST TRANSACTION
control field 20210118125622.0
007 - PHYSICAL DESCRIPTION FIXED FIELD--GENERAL INFORMATION
fixed length control field cr nn 008mamaa
008 - FIXED-LENGTH DATA ELEMENTS--GENERAL INFORMATION
fixed length control field 170124s2017 gw | s |||| 0|eng d
020 ## - INTERNATIONAL STANDARD BOOK NUMBER
International Standard Book Number 9783319502076
-- 978-3-319-50207-6
024 7# - OTHER STANDARD IDENTIFIER
Standard number or code 10.1007/978-3-319-50207-6
Source of number or code doi
050 #4 - LIBRARY OF CONGRESS CALL NUMBER
Classification number QD505
072 #7 - SUBJECT CATEGORY CODE
Subject category code PNRD
Source bicssc
072 #7 - SUBJECT CATEGORY CODE
Subject category code SCI013060
Source bisacsh
072 #7 - SUBJECT CATEGORY CODE
Subject category code PNRD
Source thema
082 04 - DEWEY DECIMAL CLASSIFICATION NUMBER
Classification number 541.395
Edition number 23
245 10 - TITLE STATEMENT
Title Effects of Nanoconfinement on Catalysis
Medium [electronic resource] /
Statement of responsibility, etc edited by Rinaldo Poli.
250 ## - EDITION STATEMENT
Edition statement 1st ed. 2017.
264 #1 -
-- Cham :
-- Springer International Publishing :
-- Imprint: Springer,
-- 2017.
300 ## - PHYSICAL DESCRIPTION
Extent VIII, 266 p. 166 illus.
Other physical details online resource.
336 ## -
-- text
-- txt
-- rdacontent
337 ## -
-- computer
-- c
-- rdamedia
338 ## -
-- online resource
-- cr
-- rdacarrier
347 ## -
-- text file
-- PDF
-- rda
490 1# - SERIES STATEMENT
Series statement Fundamental and Applied Catalysis,
Міжнародний стандартний серійний номер для назви серії (ISSN) 1574-0447
505 0# - FORMATTED CONTENTS NOTE
Formatted contents note Supramolecular catalysts -- Applications of self-assembled (supramolecular) capsules in homogeneous catalysis -- Catalysis inside folded single macromolecules -- Micellar organocatalysis -- Dendrimers for catalysis -- Microgel-Core Star Polymer Catalysts -- Core-cross-linked micelles as a new strategy for catalyst recycling in aqueous biphasic catalysis -- Metal nanoparticle catalysis in confined environments.
520 ## - SUMMARY, ETC.
Summary, etc This book highlights the recent advances and state of the art in the use of functionalized nanostructured environments on catalysis. Nanoconfinements considered include well-defined molecular cages, imprinted self-assembled supramolecules, polymers made by living or controlled polymerization, metallorganic frameworks, carbon nanotubes, mesoporous inorganic solids, and hybrids thereof. Advantages of nanoconfinement of catalysts discussed include higher activities, improved selectivities, catalyst stabilization, cooperativity effects, simplified protocols for cascade syntheses, better catalyst recovery, and recyclability. The multiple applications that these materials offer are revolutionizing industrial sectors such as energy, electronics, sensors, biomedicine, and separation technology.
506 ## - RESTRICTIONS ON ACCESS NOTE
Terms governing access Available to subscribing member institutions only. Доступно лише організаціям членам підписки.
506 ## - RESTRICTIONS ON ACCESS NOTE
Standardized terminology for access restriction Online access from local network of NaUOA.
506 ## - RESTRICTIONS ON ACCESS NOTE
Standardized terminology for access restriction Online access with authorization at https://link.springer.com/
506 ## - RESTRICTIONS ON ACCESS NOTE
Standardized terminology for access restriction Онлайн-доступ з локальної мережі НаУОА.
506 ## - RESTRICTIONS ON ACCESS NOTE
Standardized terminology for access restriction Онлайн доступ з авторизацією на https://link.springer.com/
650 #0 - SUBJECT ADDED ENTRY--TOPICAL TERM
Topical term or geographic name as entry element Catalysis.
650 #0 - SUBJECT ADDED ENTRY--TOPICAL TERM
Topical term or geographic name as entry element Nanochemistry.
650 #0 - SUBJECT ADDED ENTRY--TOPICAL TERM
Topical term or geographic name as entry element Nanotechnology.
650 14 - SUBJECT ADDED ENTRY--TOPICAL TERM
Topical term or geographic name as entry element Catalysis.
-- http://scigraph.springernature.com/things/product-market-codes/C29000
650 24 - SUBJECT ADDED ENTRY--TOPICAL TERM
Topical term or geographic name as entry element Nanochemistry.
-- http://scigraph.springernature.com/things/product-market-codes/C33000
650 24 - SUBJECT ADDED ENTRY--TOPICAL TERM
Topical term or geographic name as entry element Nanotechnology.
-- http://scigraph.springernature.com/things/product-market-codes/Z14000
700 1# - ADDED ENTRY--PERSONAL NAME
Personal name Poli, Rinaldo.
Relator term editor.
Relator code edt
-- http://id.loc.gov/vocabulary/relators/edt
710 2# - ADDED ENTRY--CORPORATE NAME
Corporate name or jurisdiction name as entry element SpringerLink (Online service)
773 0# - HOST ITEM ENTRY
Title Springer eBooks
776 08 - ADDITIONAL PHYSICAL FORM ENTRY
Display text Printed edition:
International Standard Book Number 9783319502052
776 08 - ADDITIONAL PHYSICAL FORM ENTRY
Display text Printed edition:
International Standard Book Number 9783319502069
776 08 - ADDITIONAL PHYSICAL FORM ENTRY
Display text Printed edition:
International Standard Book Number 9783319843452
830 #0 - SERIES ADDED ENTRY--UNIFORM TITLE
Uniform title Fundamental and Applied Catalysis,
-- 1574-0447
856 40 - ELECTRONIC LOCATION AND ACCESS
Uniform Resource Identifier <a href="https://doi.org/10.1007/978-3-319-50207-6">https://doi.org/10.1007/978-3-319-50207-6</a>
912 ## -
-- ZDB-2-CMS
942 ## - ADDED ENTRY ELEMENTS (KOHA)
Koha item type ЕКнига

Немає доступних примірників.